[Event "13. Open Club Ajedrez Villaverde"]
[Site "Madrid ESP"]
[Date "2010.06.28"]
[Round "1.26"]
[White "Martin Rodriguez, Jose L"]
[Black "Rodriguez Diaz, Alberto Jose"]
[Result "0-1"]
[WhiteElo "1538"]
[BlackElo "1955"]
[PlyCount "118"]
[EventDate "2010.06.28"]
[EventType "swiss"]
[EventRounds "9"]
[EventCountry "ESP"]
[Source "lmi"]
[SourceDate "2010.06.28"]

1. e4 e5 2. Nf3 Nc6 3. d4 exd4 4. Nxd4 Bc5 5. Nb3 Bb6 6. a4 a6 7. Bd3 d6 8. a5
Ba7 9. Bd2 Qh4 10. Qe2 Bg4 11. g3 Bxe2 12. gxh4 Bxd3 13. cxd3 Nge7 14. f4 f5
15. Ke2 Nd4+ 16. Nxd4 Bxd4 17. Bc3 Bxc3 18. Nxc3 Ng6 19. Ke3 Nxh4 20. Rhg1 O-O
21. Nd5 Rf7 22. Rg5 Re8 23. Rag1 c6 24. Nc3 Ng6 25. Ne2 fxe4 26. dxe4 Rfe7 27.
Ng3 Nf8 28. Kf3 Ne6 29. Rg4 Nd4+ 30. Ke3 c5 31. h4 Kf7 32. h5 g6 33. hxg6+ hxg6
34. Rh1 Nf5+ 35. Nxf5 gxf5 36. Rh7+ Ke6 37. Rxe7+ Rxe7 38. exf5+ Kxf5+ 39. Kf3
Rh7 40. Rg5+ Kf6 41. Rg2 Rh3+ 42. Ke4 Rb3 43. Rd2 Ke6 44. f5+ Ke7 45. Kd5 Re3
46. f6+ Kd7 47. Rf2 Re5+ 48. Kc4 Re4+ 49. Kd3 Rd4+ 50. Ke3 Ke8 51. Rg2 Kf7 52.
Rg7+ Kxf6 53. Rxb7 Ke5 54. Rb6 Rb4 55. b3 Kd5 56. Kd3 Rxb6 57. axb6 Kc6 58. Kc4
d5+ 59. Kc3 Kxb6 0-1

[Event "13. Open Club Ajedrez Villaverde"]
[Site "Madrid ESP"]
[Date "2010.06.28"]
[Round "1.27"]
[White "Cuadrado Lopez, Francisco Javier"]
[Black "Garcia Alonso, David"]
[Result "1-0"]
[WhiteElo "1951"]
[BlackElo "1468"]
[PlyCount "111"]
[EventDate "2010.06.28"]
[EventType "swiss"]
[EventRounds "9"]
[EventCountry "ESP"]
[Source "lmi"]
[SourceDate "2010.06.28"]

1. d4 Nf6 2. c4 g6 3. Nc3 Bg7 4. e4 d6 5. Be2 O-O 6. h4 c5 7. Be3 Re8 8. dxc5
dxc5 9. h5 Qxd1+ 10. Rxd1 b6 11. hxg6 hxg6 12. Bf3 Bg4 13. e5 Bxf3 14. exf6
Bxd1 15. fxg7 Kxg7 16. Nxd1 Rh8 17. Nh3 Nd7 18. Nc3 Nf6 19. f3 Rh7 20. Kf2 Rah8
21. Rd1 e6 22. Bg5 Rh5 23. b3 Nh7 24. Bc1 Nf6 25. Bb2 Kf8 26. Nd5 exd5 27. Bxf6
Rg8 28. cxd5 Rf5 29. Bd8 Kg7 30. Bc7 Kf6 31. g4 Re5 32. d6 Ke6 33. d7 Rd5 34.
Rxd5 Kxd5 35. d8=Q+ Rxd8 36. Bxd8 Kd6 37. Nf4 Kd7 38. Bf6 Ke8 39. Ke3 Kd7 40.
Ke4 Kd6 41. Be5+ Kc6 42. Nd3 b5 43. Bf6 Kd6 44. Ne5 Ke6 45. g5 a5 46. Nc6 a4
47. Nd8+ Kd6 48. Nxf7+ Ke6 49. Nh8 axb3 50. axb3 c4 51. bxc4 bxc4 52. Nxg6 c3
53. Bxc3 Kf7 54. Nh4 Kg8 55. Kf5 Kf7 56. g6+ 1-0

[Event "13. Open Club Ajedrez Villaverde"]
[Site "Madrid ESP"]
[Date "2010.06.28"]
[Round "1.28"]
[White "Tevar Becerra, Alvaro"]
[Black "Alonso Sanchez, Victor M"]
[Result "0-1"]
[WhiteElo "1419"]
[BlackElo "1943"]
[PlyCount "76"]
[EventDate "2010.06.28"]
[EventType "swiss"]
[EventRounds "9"]
[EventCountry "ESP"]
[Source "lmi"]
[SourceDate "2010.06.28"]

1. e4 d5 2. exd5 Qxd5 3. Nc3 Qa5 4. d4 Nf6 5. Nf3 Bg4 6. Be2 Nc6 7. Bg5 Bxf3 8.
Bxf6 Bxe2 9. Qxe2 gxf6 10. O-O-O O-O-O 11. Qe4 e6 12. Qf4 Bb4 13. Qe3 Bxc3 14.
Qxc3 Qxa2 15. Qa3 Qxa3 16. bxa3 Rxd4 17. Rde1 Rhd8 18. Re2 Ne5 19. Rhe1 Nc4 20.
a4 Ne5 21. a5 Ra4 22. Re4 Rxa5 23. Kb2 Rd2 24. R1e2 Rad5 25. f4 Nc6 26. g4 Rxe2
27. Rxe2 h5 28. f5 Nd4 29. Re3 hxg4 30. h4 Nxf5 31. Re4 g3 32. Rg4 Rd2 33. h5
Rxc2+ 34. Kxc2 Ne3+ 35. Kd2 Nxg4 36. Ke2 f5 37. Kf3 f4 38. Kxg4 g2 0-1

[Event "13. Open Club Ajedrez Villaverde"]
[Site "Madrid ESP"]
[Date "2010.06.28"]
[Round "1.29"]
[White "Tirado Parra, Alberto"]
[Black "Ojosnegros Martin, Angel"]
[Result "1-0"]
[WhiteElo "1936"]
[BlackElo "1408"]
[PlyCount "61"]
[EventDate "2010.06.28"]
[EventType "swiss"]
[EventRounds "9"]
[EventCountry "ESP"]
[Source "lmi"]
[SourceDate "2010.06.28"]

1. b4 Nf6 2. Bb2 d6 3. Nf3 g6 4. g3 Bg7 5. Bg2 O-O 6. O-O Nbd7 7. c4 a6 8. a4
Rb8 9. a5 c6 10. d3 Re8 11. Nc3 Nf8 12. b5 Bd7 13. bxa6 bxa6 14. Qc2 c5 15.
Rfb1 Ne6 16. e3 h6 17. Nd2 Ng5 18. Nde4 Ngxe4 19. Nxe4 Nxe4 20. Bxe4 Bxb2 21.
Rxb2 Kh7 22. h4 h5 23. Qc3 Qc7 24. Rab1 Rxb2 25. Qxb2 Bc6 26. Bxc6 Qxc6 27. Qb7
Qa4 28. Qxa6 Qc2 29. Qb7 Qxd3 30. a6 f5 31. a7 1-0

[Event "13. Open Club Ajedrez Villaverde"]
[Site "Madrid ESP"]
[Date "2010.06.29"]
[Round "2.1"]
[White "Iagar, Razvan-Gabriel"]
[Black "Moreno Ruiz, Javier"]
[Result "0-1"]
[WhiteElo "2078"]
[BlackElo "2485"]
[PlyCount "66"]
[EventDate "2010.06.28"]
[EventType "swiss"]
[EventRounds "9"]
[EventCountry "ESP"]
[Source "lmi"]
[SourceDate "2010.06.28"]

1. d4 e6 2. c4 f5 3. Nf3 Nf6 4. g3 Be7 5. Bg2 O-O 6. O-O d6 7. Nc3 Ne4 8. Qc2
Nxc3 9. Qxc3 Bf6 10. Rd1 Qe7 11. c5 dxc5 12. Qxc5 Qxc5 13. dxc5 Nc6 14. Rb1 e5
15. b4 a6 16. Ne1 Be6 17. a3 e4 18. Bb2 Ba2 19. Ra1 Bb3 20. Rd2 Ne5 21. Bxe5
Bxe5 22. Rb1 Ba4 23. e3 Bc3 24. Rd5 Rad8 25. Rxd8 Rxd8 26. f3 Rd2 27. fxe4 Re2
28. Nd3 Bc2 29. Rc1 Bd2 30. Bf3 Bxe3+ 31. Kf1 Bxd3 32. Bxe2 Bxe2+ 33. Kxe2 Bxc1
0-1

[Event "13. Open Club Ajedrez Villaverde"]
[Site "Madrid ESP"]
[Date "2010.06.29"]
[Round "2.2"]
[White "Hernando Pertierra, Jose Carlos"]
[Black "Beltran De Heredia E., Miguel"]
[Result "1-0"]
[WhiteElo "2376"]
[BlackElo "2078"]
[PlyCount "51"]
[EventDate "2010.06.28"]
[EventType "swiss"]
[EventRounds "9"]
[EventCountry "ESP"]
[Source "lmi"]
[SourceDate "2010.06.28"]

1. c4 g6 2. g3 Bg7 3. Bg2 Nf6 4. Nc3 O-O 5. e3 e5 6. Nge2 d6 7. O-O c6 8. d4
Nbd7 9. b3 Re8 10. a4 a5 11. Ba3 Bf8 12. d5 c5 13. e4 h5 14. Bc1 Be7 15. f3 h4
16. Be3 Nf8 17. Rf2 N8h7 18. Qd2 Nh5 19. Raf1 Ng5 20. g4 Ng7 21. h3 f5 22. f4
Nxh3+ 23. Bxh3 fxg4 24. f5 g5 25. f6 Rf8 26. fxe7 1-0

[Event "13. Open Club Ajedrez Villaverde"]
[Site "Madrid ESP"]
[Date "2010.06.29"]
[Round "2.3"]
[White "Cortes Jurado, Rafael"]
[Black "Ortega Ruiz, Jose M"]
[Result "0-1"]
[WhiteElo "2076"]
[BlackElo "2292"]
[PlyCount "52"]
[EventDate "2010.06.28"]
[EventType "swiss"]
[EventRounds "9"]
[EventCountry "ESP"]
[Source "lmi"]
[SourceDate "2010.06.28"]

1. d4 Nf6 2. Nf3 e6 3. c4 Bb4+ 4. Nbd2 d5 5. Qa4+ Nc6 6. Ne5 Bxd2+ 7. Bxd2 Bd7
8. Nxc6 Bxc6 9. Qa3 dxc4 10. e3 Ne4 11. Bxc4 Qh4 12. O-O-O Qxf2 13. Rhf1 Qh4
14. Rf4 Qxh2 15. Bb4 g5 16. d5 gxf4 17. dxc6 b5 18. Qd3 Nd6 19. Bxd6 Rd8 20.
Qc3 Rg8 21. Bxb5 Qh5 22. Qf6 Qg5 23. Qxg5 Rxg5 24. Bxc7 Rxd1+ 25. Kxd1 Rxb5 26.
Bxf4 Rxb2 0-1

[Event "13. Open Club Ajedrez Villaverde"]
[Site "Madrid ESP"]
[Date "2010.06.29"]
[Round "2.4"]
[White "Martinez Peiro, Gabriel"]
[Black "Gemy, Jose Daniel"]
[Result "1/2-1/2"]
[WhiteElo "2058"]
[BlackElo "2271"]
[PlyCount "132"]
[EventDate "2010.06.28"]
[EventType "swiss"]
[EventRounds "9"]
[EventCountry "ESP"]
[Source "lmi"]
[SourceDate "2010.06.28"]

1. d4 Nf6 2. Bg5 d5 3. Nd2 Nbd7 4. e3 e5 5. dxe5 Nxe5 6. Ngf3 Bd6 7. Nxe5 Bxe5
8. c3 h6 9. Bh4 c6 10. Nf3 Bd6 11. Qd4 Be7 12. Bd3 O-O 13. O-O Re8 14. h3 Ne4
15. Bxe7 Qxe7 16. c4 c5 17. Qxd5 Nf6 18. Qe5 Qxe5 19. Nxe5 Rxe5 20. Rfd1 Re8
21. Rd2 Kf8 22. Rad1 Ne4 23. Bxe4 Rxe4 24. Rd8+ Re8 25. R8d5 b6 26. b3 Be6 27.
Rd6 Ke7 28. e4 Rad8 29. R6d2 Rxd2 30. Rxd2 Rd8 31. Re2 g5 32. f3 Kf6 33. Kf2
Rd3 34. Rb2 Ke5 35. Ke2 Kd4 36. Rc2 h5 37. g4 Re3+ 38. Kf2 Kd3 39. gxh5 Kxc2
40. Kxe3 f6 41. h6 Bg8 42. h4 gxh4 43. f4 h3 44. Kf3 h2 45. Kg2 Kb2 46. e5 fxe5
47. fxe5 Kxa2 48. e6 Bxe6 49. h7 Kxb3 50. h8=Q Bxc4 51. Qb8 b5 52. Qxa7 Bf1+
53. Kxh2 c4 54. Kg1 Bd3 55. Kf2 c3 56. Ke3 Bb1 57. Qa1 Bh7 58. Ke2 Bc2 59. Ke3
b4 60. Kd4 Bh7 61. Qc1 Bg6 62. Kc5 Bh7 63. Qf4 c2 64. Qxb4+ Ka2 65. Qd2 Kb1 66.
Qxc2+ Kxc2 1/2-1/2

[Event "13. Open Club Ajedrez Villaverde"]
[Site "Madrid ESP"]
[Date "2010.06.29"]
[Round "2.5"]
[White "Cabañas Bravo, Juan Andres"]
[Black "Ramirez Garcia, Jorge Alberto"]
[Result "0-1"]
[WhiteElo "2057"]
[BlackElo "2217"]
[PlyCount "88"]
[EventDate "2010.06.28"]
[EventType "swiss"]
[EventRounds "9"]
[EventCountry "ESP"]
[Source "lmi"]
[SourceDate "2010.06.28"]

1. e4 e6 2. d4 d5 3. Nc3 Nf6 4. Bg5 Be7 5. e5 Nfd7 6. h4 Bxg5 7. hxg5 Qxg5 8.
Nh3 Qe7 9. Nf4 Nc6 10. Qd2 Nb6 11. Nh5 Qf8 12. Nb5 Kd7 13. a3 a6 14. Nc3 Ne7
15. O-O-O c6 16. Na2 a5 17. Kb1 Ng6 18. Nc1 Kc7 19. Rh3 Rg8 20. Nb3 a4 21. Nc1
Qe7 22. Na2 f6 23. f4 Nf8 24. g4 fxe5 25. fxe5 h6 26. Bd3 Bd7 27. Rf1 Be8 28.
Rhf3 Ng6 29. Qf2 Nd7 30. Qe1 Rf8 31. Qb4 Rxf3 32. Rxf3 Qxb4 33. axb4 Nh4 34.
Rf2 Bxh5 35. gxh5 Rf8 36. Rxf8 Nxf8 37. b5 Nd7 38. Nc3 c5 39. Nxa4 cxd4 40. b4
b6 41. Bh7 Nf3 42. Bg8 Ng5 43. Kc1 Nxe5 44. Kd2 Nd7 0-1

[Event "13. Open Club Ajedrez Villaverde"]
[Site "Madrid ESP"]
[Date "2010.06.29"]
[Round "2.6"]
[White "Pastor Alonso De Prado, Emilio"]
[Black "Baeza Escudero, Javier"]
[Result "1/2-1/2"]
[WhiteElo "2195"]
[BlackElo "1958"]
[PlyCount "91"]
[EventDate "2010.06.28"]
[EventType "swiss"]
[EventRounds "9"]
[EventCountry "ESP"]
[Source "lmi"]
[SourceDate "2010.06.28"]

1. e4 e5 2. Nf3 Nc6 3. Nc3 Nf6 4. Bb5 Be7 5. Bxc6 dxc6 6. Nxe5 Nxe4 7. Nxe4 Qd4
8. O-O Qxe5 9. Re1 Be6 10. d3 Qf5 11. Ng3 Qg6 12. Qh5 O-O 13. Qxg6 hxg6 14. Bf4
Bb4 15. Re4 Ba5 16. b4 Bb6 17. c4 c5 18. bxc5 Bxc5 19. d4 Bb6 20. d5 Bf5 21.
Nxf5 gxf5 22. Re2 Rfe8 23. Rae1 Rxe2 24. Rxe2 Kf8 25. Kf1 Re8 26. Rc2 Re4 27.
g3 f6 28. h4 Ba5 29. h5 Rd4 30. Ke2 b5 31. cxb5 Rxd5 32. Bxc7 Rxb5 33. Bd6+ Kf7
34. Bc5 Rb7 35. Be3 Bb6 36. Bxb6 axb6 37. Rb2 b5 38. Kf3 b4 39. Kf4 g6 40. Rb3
gxh5 41. a3 Kg6 42. axb4 Rb5 43. f3 Kh6 44. Ke3 Kg5 45. Rb1 f4+ 46. Kf2 1/2-1/2

[Event "13. Open Club Ajedrez Villaverde"]
[Site "Madrid ESP"]
[Date "2010.06.29"]
[Round "2.7"]
[White "Alonso Sanchez, Victor M"]
[Black "Argente Rodriguez, Juan Jose"]
[Result "0-1"]
[WhiteElo "1943"]
[BlackElo "2128"]
[PlyCount "82"]
[EventDate "2010.06.28"]
[EventType "swiss"]
[EventRounds "9"]
[EventCountry "ESP"]
[Source "lmi"]
[SourceDate "2010.06.28"]

1. d4 d5 2. Nc3 Nf6 3. Bg5 Bf5 4. Bxf6 exf6 5. e3 c6 6. Bd3 Qd7 7. Nge2 Bd6 8.
Bxf5 Qxf5 9. Qd3 Qxd3 10. cxd3 f5 11. O-O O-O 12. f3 Nd7 13. a3 a5 14. e4 fxe4
15. dxe4 Nb6 16. exd5 cxd5 17. Nb5 Be7 18. Nf4 Rac8 19. Nc3 Bf6 20. Rad1 Rc4
21. Nfe2 a4 22. g3 Rd8 23. Kg2 Nc8 24. Nf4 Ne7 25. Rfe1 Kf8 26. Rd3 Bxd4 27.
Red1 Bxc3 28. bxc3 Rdc8 29. Rb1 R8c7 30. Rb4 Nc6 31. Rb5 d4 32. Nd5 dxc3 33.
Rxc3 Rxc3 34. Nxc7 Rb3 35. Rc5 Rxa3 36. Nd5 Rd3 37. Nb6 a3 38. Rc4 a2 39. Ra4
Rd2+ 40. Kh3 Ke7 41. Nc4 b5 0-1

[Event "13. Open Club Ajedrez Villaverde"]
[Site "Madrid ESP"]
[Date "2010.06.29"]
[Round "2.8"]
[White "Lopez-Andujar Ocaña, Antonio"]
[Black "Cuadrado Lopez, Francisco Javier"]
[Result "1-0"]
[WhiteElo "2118"]
[BlackElo "1951"]
[PlyCount "45"]
[EventDate "2010.06.28"]
[EventType "swiss"]
[EventRounds "9"]
[EventCountry "ESP"]
[Source "lmi"]
[SourceDate "2010.06.28"]

1. e4 e6 2. d4 d5 3. exd5 exd5 4. c4 Nf6 5. Nc3 c6 6. c5 g6 7. b4 Bg7 8. Nf3
O-O 9. Be2 Re8 10. Bg5 Na6 11. b5 Nc7 12. bxc6 bxc6 13. Ne5 Bd7 14. O-O Ne6 15.
f4 Qc7 16. Bh4 Ne4 17. Nxe4 dxe4 18. Bc4 Kf8 19. f5 gxf5 20. Rxf5 Bxe5 21. dxe5
Qa5 22. Qxd7 Qxc5+ 23. Kh1 1-0

[Event "13. Open Club Ajedrez Villaverde"]
[Site "Madrid ESP"]
[Date "2010.06.29"]
[Round "2.9"]
[White "Garcia-Ines Sanchez, Gustavo"]
[Black "Garcia Diaz, Victor Manuel"]
[Result "0-1"]
[WhiteElo "1704"]
[BlackElo "2113"]
[PlyCount "84"]
[EventDate "2010.06.28"]
[EventType "swiss"]
[EventRounds "9"]
[EventCountry "ESP"]
[Source "lmi"]
[SourceDate "2010.06.28"]

1. e4 c5 2. Nf3 Nc6 3. Bb5 Na5 4. a4 a6 5. Be2 g6 6. O-O Bg7 7. e5 Nc6 8. d4
cxd4 9. Nxd4 Nxe5 10. f4 Nc6 11. Nxc6 bxc6 12. Nd2 Nh6 13. Nc4 d5 14. Ne5 O-O
15. Ra3 Qd6 16. Rd3 Bf5 17. Rg3 f6 18. Ng4 Nxg4 19. Bxg4 Bxg4 20. Rxg4 f5 21.
Rg3 Rab8 22. c3 e5 23. Qe2 a5 24. c4 e4 25. b3 d4 26. Kh1 d3 27. Qd2 Rxb3 28.
Qxa5 Rb1 29. Qd2 Qb4 30. Qxb4 Rxb4 31. Ba3 Rxa4 32. Bxf8 Kxf8 33. Rd1 Rxc4 34.
Kg1 Rc2 35. Kf1 c5 36. Rb1 Bd4 37. Rb8+ Kf7 38. Rb7+ Ke6 39. Rb1 c4 40. Rd1 e3
41. Rxe3+ Bxe3 42. Re1 Re2 0-1

[Event "13. Open Club Ajedrez Villaverde"]
[Site "Madrid ESP"]
[Date "2010.06.29"]
[Round "2.10"]
[White "Aziz Ortego, Omar Luis"]
[Black "Vidaurre, Luis"]
[Result "1-0"]
[WhiteElo "2091"]
[BlackElo "1934"]
[PlyCount "59"]
[EventDate "2010.06.28"]
[EventType "swiss"]
[EventRounds "9"]
[EventCountry "ESP"]
[Source "lmi"]
[SourceDate "2010.06.28"]

1. d4 d5 2. Nf3 e6 3. g3 Nf6 4. Bg2 c5 5. e3 Nc6 6. O-O Be7 7. Nbd2 O-O 8. b3
b6 9. Bb2 Bb7 10. Ne5 Rc8 11. f4 Ne8 12. f5 exf5 13. Rxf5 Nd6 14. Rf2 Bg5 15.
Ng4 cxd4 16. exd4 Nb4 17. h4 Bxh4 18. gxh4 Qxh4 19. Ne3 Rfe8 20. Rf3 Qg5 21.
Ndf1 Ba6 22. c4 dxc4 23. bxc4 Nxc4 24. Nxc4 Bxc4 25. Rg3 Qb5 26. d5 g6 27. Ne3
Qc5 28. Bd4 Qf8 29. a3 Na6 30. Ng4 1-0

[Event "13. Open Club Ajedrez Villaverde"]
[Site "Madrid ESP"]
[Date "2010.06.29"]
[Round "2.13"]
[White "Martin-Consuegra Barrilero, Francisco Javier"]
[Black "Lozano Sanchez, Jose Antonio"]
[Result "1-0"]
[WhiteElo "1918"]
[BlackElo "1917"]
[PlyCount "119"]
[EventDate "2010.06.28"]
[EventType "swiss"]
[EventRounds "9"]
[EventCountry "ESP"]
[Source "lmi"]
[SourceDate "2010.06.28"]

1. d4 d5 2. Bg5 h6 3. Bh4 g5 4. Bg3 Nf6 5. e3 Bf5 6. Bd3 Qd7 7. Bxf5 Qxf5 8.
Bxc7 Na6 9. Ba5 Qe4 10. Nf3 b6 11. Nbd2 Qg4 12. Qe2 Nc7 13. Bc3 Qxg2 14. O-O-O
Qh3 15. Ne5 Nd7 16. f3 Nxe5 17. dxe5 Bg7 18. f4 O-O-O 19. Nb3 Qd7 20. Nd4 e6
21. h3 Kb7 22. Nf3 Qa4 23. fxg5 Qxa2 24. b3 Qa3+ 25. Bb2 Qb4 26. Rd4 Qe7 27. h4
hxg5 28. Nxg5 Bxe5 29. Ra4 Qxg5 30. hxg5 Rxh1+ 31. Kd2 Bxb2 32. c3 Rdh8 33. Qf3
Bc1+ 34. Kd3 R8h2 35. c4 Rh3 36. Qxf7 Bxe3 37. Rxa7+ Kxa7 38. Qxc7+ Ka6 39.
Qc8+ Ka5 40. Qa8+ Kb4 41. Qa4+ Kc5 42. Qa3+ Kc6 43. Qa8+ Kd7 44. Qb7+ Ke8 45.
Qc8+ Kf7 46. Qd7+ Kg6 47. Qxe6+ Kxg5 48. cxd5 Bc5+ 49. Kc4 Rc1+ 50. Kb5 Rxb3+
51. Ka6 Ra3+ 52. Kb7 Rg1 53. d6 Re3 54. Qg8+ Kf4 55. Qxg1 Re6 56. Qh2+ Kf5 57.
d7 Be7 58. Qh7+ Ke5 59. Qh8+ Kd6 60. Qd4# 1-0

[Event "13. Open Club Ajedrez Villaverde"]
[Site "Madrid ESP"]
[Date "2010.06.29"]
[Round "2.14"]
[White "Alvarez Romero, Carlos"]
[Black "Aguado Solana, Juan"]
[Result "0-1"]
[WhiteElo "1780"]
[BlackElo "2038"]
[PlyCount "62"]
[EventDate "2010.06.28"]
[EventType "swiss"]
[EventRounds "9"]
[EventCountry "ESP"]
[Source "lmi"]
[SourceDate "2010.06.28"]

1. e4 c5 2. Nf3 Nc6 3. Nc3 d6 4. d4 cxd4 5. Nxd4 e5 6. Nxc6 bxc6 7. Bc4 Nf6 8.
Bg5 Be7 9. O-O O-O 10. Qd3 Be6 11. Bxe6 fxe6 12. Rad1 d5 13. Qg3 Nd7 14. Bxe7
Qxe7 15. Rd3 Nc5 16. Rf3 d4 17. Rxf8+ Rxf8 18. Ne2 Qf6 19. Qg4 h5 20. Qxh5 Nxe4
21. f4 Nd2 22. Rf2 e4 23. f5 exf5 24. Ng3 f4 25. Qe2 e3 26. Rf1 Nxf1 27. Nxf1
f3 28. Qc4+ Qf7 29. Qxf7+ Rxf7 30. Ng3 e2 31. Kf2 fxg2+ 0-1

[Event "13. Open Club Ajedrez Villaverde"]
[Site "Madrid ESP"]
[Date "2010.06.29"]
[Round "2.15"]
[White "Cortijo Manso, Luis"]
[Black "Rodriguez Sampedro, Ricardo"]
[Result "0-1"]
[WhiteElo "1586"]
[BlackElo "1926"]
[PlyCount "70"]
[EventDate "2010.06.28"]
[EventType "swiss"]
[EventRounds "9"]
[EventCountry "ESP"]
[Source "lmi"]
[SourceDate "2010.06.28"]

1. e4 c6 2. d4 d5 3. exd5 cxd5 4. c4 Nf6 5. Nc3 e6 6. cxd5 exd5 7. Nf3 Nc6 8.
a3 Be7 9. Bd3 O-O 10. O-O Bg4 11. Bc2 Bxf3 12. Qxf3 Nxd4 13. Qd1 Nxc2 14. Qxc2
Rc8 15. Qd3 Re8 16. Bg5 d4 17. Ne2 Qb6 18. b4 h6 19. Bc1 Nd5 20. Bb2 Bf6 21.
Rac1 Rxc1 22. Rxc1 Qe6 23. Ng3 Nf4 24. Qd1 Ne2+ 25. Nxe2 Qxe2 26. Qxe2 Rxe2 27.
Ba1 d3 28. Kf1 Rc2 29. Rd1 Bg5 30. Bd4 d2 31. Ke2 Ra2 32. Bxa7 Rxa3 33. Bb8 Ra8
34. Bg3 Re8+ 35. Kf3 Re1 0-1

[Event "13. Open Club Ajedrez Villaverde"]
[Site "Madrid ESP"]
[Date "2010.06.29"]
[Round "2.16"]
[White "Laynez Aspenberg, Jose"]
[Black "Hernandez Del Can, Jose"]
[Result "1-0"]
[WhiteElo "1910"]
[BlackElo "1777"]
[PlyCount "75"]
[EventDate "2010.06.28"]
[EventType "swiss"]
[EventRounds "9"]
[EventCountry "ESP"]
[Source "lmi"]
[SourceDate "2010.06.28"]

1. d4 Nf6 2. c4 g6 3. Nc3 Bg7 4. e4 d6 5. f4 O-O 6. Nf3 c5 7. d5 e6 8. Be2 exd5
9. cxd5 a6 10. a4 Re8 11. Qc2 Bg4 12. O-O Bxf3 13. Bxf3 Nbd7 14. Be3 b6 15.
Rae1 Nf8 16. Bf2 N6d7 17. Bg3 h5 18. h3 Rb8 19. Re2 b5 20. axb5 axb5 21. Rfe1
h4 22. Bh2 b4 23. Nd1 Qc7 24. Ne3 Bd4 25. Kh1 Ra8 26. Nc4 Nb6 27. e5 Nxc4 28.
Qxc4 Qb6 29. e6 f6 30. f5 g5 31. e7 Nd7 32. Bh5 Ne5 33. Bxe5 Bxe5 34. Bxe8 Rxe8
35. Rxe5 fxe5 36. f6 Kf7 37. Rf1 b3 38. Qg4 1-0

[Event "13. Open Club Ajedrez Villaverde"]
[Site "Madrid ESP"]
[Date "2010.06.29"]
[Round "2.17"]
[White "Serrano Pozo, Fermin"]
[Black "Martinez Miura, Enrique"]
[Result "1-0"]
[WhiteElo "1893"]
[BlackElo "1727"]
[PlyCount "95"]
[EventDate "2010.06.28"]
[EventType "swiss"]
[EventRounds "9"]
[EventCountry "ESP"]
[Source "lmi"]
[SourceDate "2010.06.28"]

1. e4 e6 2. d4 d5 3. exd5 exd5 4. c4 c6 5. Nc3 h6 6. cxd5 cxd5 7. Bd3 Nf6 8.
Nge2 Be7 9. O-O O-O 10. Bf4 a6 11. Rc1 Nc6 12. Qb3 Na5 13. Qc2 Bd7 14. Qd2 Nc4
15. Bxc4 dxc4 16. d5 Bb4 17. Qd4 Bxc3 18. Rxc3 b5 19. Ng3 Re8 20. Rd1 Bg4 21.
f3 Bh5 22. b3 cxb3 23. Bc7 Qd7 24. axb3 Bg6 25. Be5 Rac8 26. Rxc8 Rxc8 27. Bxf6
gxf6 28. Qxf6 Rc5 29. d6 a5 30. Ne4 Bxe4 31. fxe4 a4 32. bxa4 bxa4 33. Qe7 Rc7
34. dxc7 Qxd1+ 35. Kf2 Qd2+ 36. Kf3 Qd1+ 37. Kf4 Qc1+ 38. Ke5 Qc3+ 39. Kd6 Qd4+
40. Kc6 Qc4+ 41. Kd7 Qb5+ 42. Kd8 Qb6 43. e5 Qa5 44. Qd6 a3 45. Ke8 Qb5+ 46.
Ke7 Qb7 47. Qd8+ Kg7 48. Qb8 1-0

[Event "13. Open Club Ajedrez Villaverde"]
[Site "Madrid ESP"]
[Date "2010.06.29"]
[Round "2.18"]
[White "Martin Espeja, Jorge J"]
[Black "Garcia Hernandez, Javier"]
[Result "1/2-1/2"]
[WhiteElo "1881"]
[BlackElo "1660"]
[PlyCount "106"]
[EventDate "2010.06.28"]
[EventType "swiss"]
[EventRounds "9"]
[EventCountry "ESP"]
[Source "lmi"]
[SourceDate "2010.06.28"]

1. e4 e6 2. d4 d5 3. exd5 exd5 4. Bd3 Nf6 5. Bf4 Bd6 6. Bxd6 Qxd6 7. Nf3 O-O 8.
O-O Nc6 9. c3 Ne7 10. Re1 Bf5 11. Bxf5 Nxf5 12. Qd3 Ne7 13. Nbd2 Rfe8 14. Ne5
Nd7 15. f4 f6 16. Nxd7 Qxd7 17. Re3 Qf5 18. Qe2 Kf8 19. Re1 Qd7 20. Kf2 Nf5 21.
Rxe8+ Rxe8 22. Qxe8+ Qxe8 23. Rxe8+ Kxe8 24. g4 Nd6 25. f5 g6 26. fxg6 hxg6 27.
Kf3 Ke7 28. h4 Ke6 29. Kf4 b6 30. Nf3 Ne4 31. h5 g5+ 32. Ke3 f5 33. gxf5+ Kxf5
34. Ne5 g4 35. h6 Nf6 36. b4 c5 37. b5 Kg5 38. dxc5 bxc5 39. Nc6 Kxh6 40. Nxa7
Nd7 41. Kf4 Kh5 42. Kg3 Nb6 43. Nc6 Kg5 44. Ne5 d4 45. cxd4 cxd4 46. Nxg4 Kf5
47. Kf3 Nc4 48. Nf2 Ke5 49. Nd3+ Kd5 50. a4 Nb6 51. a5 Nc4 52. a6 Nb6 53. Nb2
Kc5 1/2-1/2

[Event "13. Open Club Ajedrez Villaverde"]
[Site "Madrid ESP"]
[Date "2010.06.29"]
[Round "2.19"]
[White "Ojosnegros Martin, Angel"]
[Black "Merino Araguas, Jose Javier"]
[Result "0-1"]
[WhiteElo "1408"]
[BlackElo "1849"]
[PlyCount "94"]
[EventDate "2010.06.28"]
[EventType "swiss"]
[EventRounds "9"]
[EventCountry "ESP"]
[Source "lmi"]
[SourceDate "2010.06.28"]

1. c4 Nf6 2. Nc3 g6 3. Nf3 Bg7 4. g3 O-O 5. Bg2 d6 6. O-O c5 7. d3 Nc6 8. Bd2
a6 9. Qc1 Rb8 10. Bh6 Bd7 11. Bxg7 Kxg7 12. Nd2 b5 13. b3 b4 14. Nce4 Nd4 15.
Re1 Nxe4 16. Nxe4 f6 17. Qb2 Qb6 18. h3 e5 19. Nd2 a5 20. Nf3 Nxf3+ 21. Bxf3
Bxh3 22. g4 f5 23. g5 f4 24. Kh2 Be6 25. Rh1 Qd8 26. Rag1 Bc8 27. Rg2 Rf5 28.
Rhg1 Rf8 29. Rh1 Bb7 30. Bxb7 Rxb7 31. f3 Rf5 32. Rhg1 Kg8 33. Kh1 h6 34. Qa1
Rxg5 35. Qe1 Rxg2 36. Rxg2 Qf6 37. Qg1 Rg7 38. Rg4 g5 39. Rg2 Qg6 40. Qh2 h5
41. Qg1 g4 42. Qf2 g3 43. Qg1 Qf5 44. Qf1 h4 45. Rg1 Rg6 46. e4 fxe3 47. Qe2
Qh3+ 0-1

[Event "13. Open Club Ajedrez Villaverde"]
[Site "Madrid ESP"]
[Date "2010.06.29"]
[Round "2.20"]
[White "Ibanez Moreno, Sergio"]
[Black "Martin Rodriguez, Jose L"]
[Result "1-0"]
[WhiteElo "1825"]
[BlackElo "1538"]
[PlyCount "69"]
[EventDate "2010.06.28"]
[EventType "swiss"]
[EventRounds "9"]
[EventCountry "ESP"]
[Source "lmi"]
[SourceDate "2010.06.28"]

1. e4 e6 2. d4 d5 3. exd5 exd5 4. Nf3 Bg4 5. Bd3 Nf6 6. O-O Be7 7. Re1 O-O 8.
Bf4 Bd6 9. Bg5 Be7 10. Nbd2 Nbd7 11. c3 Re8 12. Qc2 Nf8 13. Ne5 Be6 14. Nb3 c6
15. Re2 Nh5 16. Bxe7 Qxe7 17. Qd2 Qh4 18. Nf3 Qf4 19. Rae1 Qxd2 20. Rxd2 Nf4
21. h3 b6 22. Ba6 Bd7 23. Rxe8 Rxe8 24. Ne5 f6 25. Nxd7 Nxd7 26. Kh2 b5 27. Bb7
Re6 28. g3 Ng6 29. Bc8 Re7 30. Bxd7 Rxd7 31. Na5 Rd6 32. Re2 Kf7 33. Kg2 Ne7
34. Nb7 Re6 35. Nd8+ 1-0

[Event "13. Open Club Ajedrez Villaverde"]
[Site "Madrid ESP"]
[Date "2010.06.30"]
[Round "3.2"]
[White "Garcia Diaz, Victor Manuel"]
[Black "Hernando Pertierra, Jose Carlos"]
[Result "0-1"]
[WhiteElo "2113"]
[BlackElo "2376"]
[PlyCount "60"]
[EventDate "2010.06.28"]
[EventType "swiss"]
[EventRounds "9"]
[EventCountry "ESP"]
[Source "lmi"]
[SourceDate "2010.06.28"]

1. e4 g6 2. d4 c6 3. c4 d5 4. Nc3 dxe4 5. Nxe4 Bg7 6. Be3 Nd7 7. Nf3 Ngf6 8.
Nxf6+ Nxf6 9. h3 Ne4 10. Qa4 O-O 11. Be2 c5 12. Rd1 Qb6 13. Qb5 Qxb5 14. cxb5
Be6 15. d5 Bd7 16. Bd3 f5 17. Bxe4 fxe4 18. Ng5 Bxb2 19. Bxc5 Bxb5 20. Nxe4
Rac8 21. Bxe7 Rf4 22. f3 Rxe4+ 23. fxe4 Rc2 24. Rb1 Bc3+ 25. Kd1 Ba4 26. Bg5
Rxa2+ 27. Kc1 Rc2+ 28. Kd1 Rxg2+ 29. Kc1 Rc2+ 30. Kd1 Rh2+ 0-1